000 01121nam a2200313 a 4500
001 000006376
003 DO-SdBNP
005 20210720112530.0
007 000006376
008 090828t2008 dr a 001 j spa d
020 _a9789945068764
040 _aBPMSU
_bspa
_cBPMSU
082 _aRD863.44
_bM385c 2008
_222
100 1 _aMartínez , Ana Teresa
245 1 0 _aCristalitos de fe :
_baprendiendo la sagrada escritura a través del cuento /
_cAna Teresa Martínez Vd. Beltré ; prólogo Ramona Trinidad de Guerrero.
260 _aSanto Domingo :
_bMediabyte,
_c2008.
300 _a222 p. :
_bil. ;
_c23 cm.
500 _aIncluye datos biográficos de la autora en las solapas.
590 _6Inventariado, 2021/VM
650 4 _aBiblia
_xEnseñanza
_xCuentos
650 4 _aCuentos dominicanos
650 4 _aCuentos intantiles dominicanos
650 4 _aLiteratura infantil dominicana
650 4 _aLliteratura religiosa dominicana
650 4 _aLiteratura dominicana
700 1 _aGuerrero, Ramona Trinidad de,
_epról.
910 _aVMateo V. /Validado. Control de calidad EMS.
942 _2ddc
_cBK
999 _c7896
_d7896